| 000 | 003830000a22001570004500 | ||
|---|---|---|---|
| 001 | 000456 | ||
| 003 | MACL | ||
| 040 | _aMACL | ||
| 090 |
_c456 _d456 |
||
| 100 | _aRuhela, Saryu | ||
| 245 |
_aUnderstanding The Indian Women Today _bProblems & Challenges _cSaryu Ruhela |
||
| 260 |
_aIndian Publishers and Distributors, _c1999 |
||
| 350 | _a350 | ||
| 650 | _aSociology | ||
| 942 |
_k301 _cBook |
||
| 999 |
_c458 _d458 |
||